The diabetic's book all your questions answered
Bewaard in:
| Hoofdauteur: | |
|---|---|
| Formaat: | Boek |
| Taal: | Undetermined |
| Gepubliceerd in: |
Los Angeles
J.P. Tarcher
1979
|
| Onderwerpen: | |
| Tags: |
Voeg label toe
Geen labels, Wees de eerste die dit record labelt!
|
| Thư viện lưu trữ: | Trung tâm Học liệu Trường Đại học Cần Thơ |
|---|
| LEADER | 00548nam a2200181Ia 4500 | ||
|---|---|---|---|
| 001 | CTU_32245 | ||
| 008 | 210402s9999 xx 000 0 und d | ||
| 082 | |a 616.462 | ||
| 082 | |b B588 | ||
| 100 | |a June Biermann | ||
| 245 | 4 | |a The diabetic's book all your questions answered | |
| 245 | 0 | |c June Biermann, Barbara Toohey | |
| 260 | |a Los Angeles | ||
| 260 | |b J.P. Tarcher | ||
| 260 | |c 1979 | ||
| 650 | |a diabetes,diabetes - complications | ||
| 904 | |i Nguyễn Quang Điền, 990728 | ||
| 980 | |a Trung tâm Học liệu Trường Đại học Cần Thơ | ||